| 000 | 01319nab a2200289 i 4500 | ||
|---|---|---|---|
| 001 | 193740 | ||
| 003 | ES-MaACL | ||
| 005 | 20250806030825.0 | ||
| 007 | t| | ||
| 008 | 240208s1887 sp ||||1| spa d | ||
| 040 |
_aES-MaACL _bspa _cES-MaACL |
||
| 245 | 0 | 4 |
_aUna sesión del Congreso Literario y Artístico : _ben el Ateneo |
| 260 |
_a[Madrid : _bLa Ilustración Española y Americana, _c1887] |
||
| 300 |
_a2 páginas : _b1 ilustración ; _c30 cm |
||
| 336 |
_2rdacontent _atexto |
||
| 337 |
_2rdamedia _asin mediación |
||
| 338 |
_2rdacarrier _avolumen |
||
| 500 | _aFotocopia del artículo sobre el X Congreso Literario y Artístico Internacional, celebrado en el Ateneo de Madrid, acompañado de dibujo por Picolo, publicado en la revista "La Ilustración española y americana" el 8 de octubre de 1887, n. 37 | ||
| 599 | _aUna sesión del Congreso Literario y Artístico Internacional en el Salón de Actos del Ateneo / dibujo del natural por Picolo | ||
| 610 | 2 | 4 |
_aAteneo de Madrid- _vConferencias- _yS.XIX _91910 |
| 611 | 2 | 4 |
_aCongreso Literario Artístico Internacional _c(Madrid. _d1887) _9494 |
| 700 | 1 |
_991873 _aPicolo, Manuel, _d1851-1913 _eill |
|
| 852 | 4 |
_aES-MaACL _cDEPOF _j2347-F-74 _9201275 |
|
| 942 |
_2udc _cANAB _n0 |
||
| 999 |
_c193740 _d193740 |
||